Technológia RFID a jej uplatnenie v distribučnom manažmente a logistike
Trendy v distribúcii a logistike. Inovácie v logistických technológiách. RFID - stručný náhľad do problematiky. Stručná história RFID. Perspektívy RFID. RFID a dodávateľský reťazec. RFID a procesy skladovania. RFID a globalizácia.
Saved in:
| Main Author: | |
|---|---|
| Format: | Book Chapter |
| Language: | Slovak |
| Subjects: | |
| Tags: |
No Tags, Be the first to tag this record!
|
MARC
| LEADER | 00000naa$a2200000$$$4500 | ||
|---|---|---|---|
| 001 | 0145461 | ||
| 005 | 20240502072623.3 | ||
| 041 | 0 | |a slo | |
| 044 | |a SK | ||
| 245 | 1 | 0 | |a Technológia RFID a jej uplatnenie v distribučnom manažmente a logistike |c Ľuboš Oláh |
| 520 | |a Trendy v distribúcii a logistike. Inovácie v logistických technológiách. RFID - stručný náhľad do problematiky. Stručná história RFID. Perspektívy RFID. RFID a dodávateľský reťazec. RFID a procesy skladovania. RFID a globalizácia. | ||
| 610 | 2 | 0 | |a distribúcia |
| 610 | 2 | 0 | |a marketing manažment |
| 610 | 2 | 0 | |a maloobchod |
| 610 | 2 | 0 | |a inovácia |
| 610 | 2 | 0 | |a technológie informačné |
| 610 | 2 | 0 | |a skladovanie |
| 610 | 2 | 0 | |a logistika marketingová |
| 100 | 1 | |a Oláh, Ľuboš | |